000
00243nam a2200097Ia 4500
001
687475
005
20250826161556.0
008
250824s9999 xx 000 0 und d
245
0
_a
HAYAL SÖZLEŞMESİ
_c
DİLEK YARDIMCI
260
_b
TUDEM YAYINLARI
999
_c
687475
_d
687475